| 000 | 00625cam a22002053a 4500 | ||
|---|---|---|---|
| 001 | 39726 | ||
| 003 | PGUSA | ||
| 005 | 20140828083902.0 | ||
| 008 | 120519s2012||||xxu|||||s|||||000 | eng d | ||
| 040 |
_aPGUSA _beng |
||
| 042 | _adc | ||
| 100 | 1 | _aEllis, George | |
| 245 | 1 | 4 |
_aThe Rolliad, in Two Parts : _bProbationary Odes for the Laureatship and Political Eclogues _h[electronic resource] / _cGeorge Ellis |
| 260 |
_bProject Gutenberg, _c2012 |
||
| 506 | _aPublic domain in the USA. | ||
| 516 | _aElectronic text | ||
| 830 | 0 |
_aProject Gutenberg _v39726 |
|
| 856 | 4 | 0 | _uhttp://www.gutenberg.org/ebooks/39726 |
| 942 | _cEB | ||
| 999 |
_c268979 _d268979 |
||